00508nam a22001577a 4500008004400000082001500044100001800059245004700077250001100124260004500135300001000180500007800190653003100268653002400299653002700323161126s2009 gt||||| |||| 00| 0 spa d04a863bC157t1 aCalles, Juan.10aTriciclo :bcuentos cortos /cJuan Calles. a1a ed. aGuatemala :bEdiciones Bizarras, c2009. a60 p. aImagen de portada por Carlos Chiroy e ilustraciones por Alejandra Medina.10aLiteratura Latinoamericana10aCuentos - Guatemala10aLiteratura - Guatemala